00334nam a22001217a 4500020001800000040000900018082001800027100002000045245005000065250001600115260004200131650003900173 a9789332518537 cNUST a621.31042 WIL aWildi, Theodore aElectrical Machines, Drives and Power Systems a6th Edition aNew Dehli:bPearson Education,c2016. aTEXTBOOKS-DME. ELECTRICAL MACHINES